<?xml version="1.0" encoding="UTF-8"?>
<record
    xmlns:xsi="http://www.w3.org/2001/XMLSchema-instance"
    xsi:schemaLocation="http://www.loc.gov/MARC21/slim http://www.loc.gov/standards/marcxml/schema/MARC21slim.xsd"
    xmlns="http://www.loc.gov/MARC21/slim">

  <leader>00534nam a2200205Ia 4500</leader>
  <controlfield tag="008">230125s9999    xx            000 0 und d</controlfield>
  <datafield tag="020" ind1=" " ind2=" ">
    <subfield code="a">0-07-058339-0</subfield>
  </datafield>
  <datafield tag="041" ind1=" " ind2=" ">
    <subfield code="a">eng</subfield>
  </datafield>
  <datafield tag="082" ind1=" " ind2=" ">
    <subfield code="a">658.001</subfield>
    <subfield code="b">KOO</subfield>
  </datafield>
  <datafield tag="100" ind1=" " ind2=" ">
    <subfield code="a">Weihrich H</subfield>
    <subfield code="9">109450</subfield>
  </datafield>
  <datafield tag="245" ind1=" " ind2=" ">
    <subfield code="a">Essentials of management : An international perspectives</subfield>
  </datafield>
  <datafield tag="250" ind1=" " ind2=" ">
    <subfield code="a">6th ed</subfield>
  </datafield>
  <datafield tag="260" ind1=" " ind2=" ">
    <subfield code="c">2004</subfield>
    <subfield code="b">Tata McGraw Hill</subfield>
    <subfield code="a">New Delhi</subfield>
  </datafield>
  <datafield tag="300" ind1=" " ind2=" ">
    <subfield code="a">437p</subfield>
  </datafield>
  <datafield tag="500" ind1=" " ind2=" ">
    <subfield code="a">PPM</subfield>
  </datafield>
  <datafield tag="650" ind1=" " ind2=" ">
    <subfield code="a">Management</subfield>
  </datafield>
  <datafield tag="700" ind1=" " ind2=" ">
    <subfield code="a">Weihrich H &amp; Koontz H</subfield>
    <subfield code="9">109451</subfield>
  </datafield>
  <datafield tag="906" ind1=" " ind2=" ">
    <subfield code="b">29</subfield>
  </datafield>
  <datafield tag="999" ind1=" " ind2=" ">
    <subfield code="c">86142</subfield>
    <subfield code="d">86142</subfield>
  </datafield>
  <datafield tag="952" ind1=" " ind2=" ">
    <subfield code="0">2</subfield>
    <subfield code="1">0</subfield>
    <subfield code="4">0</subfield>
    <subfield code="7">0</subfield>
    <subfield code="a">HIMR</subfield>
    <subfield code="b">HIMR</subfield>
    <subfield code="d">2004-09-24</subfield>
    <subfield code="e">Varma Book Distributor</subfield>
    <subfield code="g">195.00</subfield>
    <subfield code="i">4284</subfield>
    <subfield code="o">658.001 KOO B04113</subfield>
    <subfield code="p">HIMR-BK-4113</subfield>
    <subfield code="r">2023-01-25 00:00:00</subfield>
    <subfield code="v">166.00</subfield>
    <subfield code="w">2004-09-17</subfield>
    <subfield code="y">BK</subfield>
    <subfield code="z">B04113</subfield>
  </datafield>
  <datafield tag="952" ind1=" " ind2=" ">
    <subfield code="0">2</subfield>
    <subfield code="1">0</subfield>
    <subfield code="4">0</subfield>
    <subfield code="7">0</subfield>
    <subfield code="a">HIMR</subfield>
    <subfield code="b">HIMR</subfield>
    <subfield code="d">2004-10-02</subfield>
    <subfield code="e">Goel Book agencies</subfield>
    <subfield code="g">195.00</subfield>
    <subfield code="i">709/30.9.2004</subfield>
    <subfield code="o">658.001 KOO B04136</subfield>
    <subfield code="p">HIMR-BK-4136</subfield>
    <subfield code="r">2023-01-25 00:00:00</subfield>
    <subfield code="v">166.00</subfield>
    <subfield code="w">2004-10-02</subfield>
    <subfield code="y">BK</subfield>
    <subfield code="z">B04136</subfield>
  </datafield>
  <datafield tag="952" ind1=" " ind2=" ">
    <subfield code="0">2</subfield>
    <subfield code="1">0</subfield>
    <subfield code="4">0</subfield>
    <subfield code="7">0</subfield>
    <subfield code="a">HIMR</subfield>
    <subfield code="b">HIMR</subfield>
    <subfield code="d">2004-10-02</subfield>
    <subfield code="e">Goel Book agencies</subfield>
    <subfield code="g">195.00</subfield>
    <subfield code="i">709/30.9.2004</subfield>
    <subfield code="o">658.001 KOO B04134</subfield>
    <subfield code="p">HIMR-BK-4134</subfield>
    <subfield code="r">2023-01-25 00:00:00</subfield>
    <subfield code="v">166.00</subfield>
    <subfield code="w">2004-10-02</subfield>
    <subfield code="y">BK</subfield>
    <subfield code="z">B04134</subfield>
  </datafield>
  <datafield tag="952" ind1=" " ind2=" ">
    <subfield code="0">2</subfield>
    <subfield code="1">0</subfield>
    <subfield code="4">0</subfield>
    <subfield code="7">0</subfield>
    <subfield code="a">HIMR</subfield>
    <subfield code="b">HIMR</subfield>
    <subfield code="d">2005-09-30</subfield>
    <subfield code="e">Goel Book agencies</subfield>
    <subfield code="g">210.00</subfield>
    <subfield code="i">0657/29.09.05</subfield>
    <subfield code="o">658.001 KOO B04627</subfield>
    <subfield code="p">HIMR-BK-4627</subfield>
    <subfield code="r">2023-01-25 00:00:00</subfield>
    <subfield code="v">178.00</subfield>
    <subfield code="w">2005-09-30</subfield>
    <subfield code="y">BK</subfield>
    <subfield code="z">B04627</subfield>
  </datafield>
  <datafield tag="952" ind1=" " ind2=" ">
    <subfield code="0">2</subfield>
    <subfield code="1">0</subfield>
    <subfield code="4">0</subfield>
    <subfield code="7">0</subfield>
    <subfield code="a">HIMR</subfield>
    <subfield code="b">HIMR</subfield>
    <subfield code="d">2005-09-30</subfield>
    <subfield code="e">Goel Book agencies</subfield>
    <subfield code="g">210.00</subfield>
    <subfield code="i">0657/29.09.05</subfield>
    <subfield code="o">658.001 KOO B04626</subfield>
    <subfield code="p">HIMR-BK-4626</subfield>
    <subfield code="r">2023-01-25 00:00:00</subfield>
    <subfield code="v">178.00</subfield>
    <subfield code="w">2005-09-30</subfield>
    <subfield code="y">BK</subfield>
    <subfield code="z">B04626</subfield>
  </datafield>
  <datafield tag="952" ind1=" " ind2=" ">
    <subfield code="0">2</subfield>
    <subfield code="1">0</subfield>
    <subfield code="4">0</subfield>
    <subfield code="7">0</subfield>
    <subfield code="a">HIMR</subfield>
    <subfield code="b">HIMR</subfield>
    <subfield code="d">2000-12-21</subfield>
    <subfield code="e">Satya Gilani</subfield>
    <subfield code="o">658.001 KOO DB0436</subfield>
    <subfield code="p">HIMR-DB-436</subfield>
    <subfield code="r">2023-01-25 00:00:00</subfield>
    <subfield code="w">2001-01-19</subfield>
    <subfield code="y">DB</subfield>
    <subfield code="z">DB0436</subfield>
  </datafield>
  <datafield tag="952" ind1=" " ind2=" ">
    <subfield code="0">2</subfield>
    <subfield code="1">0</subfield>
    <subfield code="4">0</subfield>
    <subfield code="7">0</subfield>
    <subfield code="a">HIMR</subfield>
    <subfield code="b">HIMR</subfield>
    <subfield code="d">2008-09-10</subfield>
    <subfield code="e">Satya Gilani</subfield>
    <subfield code="g">265.00</subfield>
    <subfield code="o">658.001 KOO B06735</subfield>
    <subfield code="p">HIMR-BK-6735</subfield>
    <subfield code="r">2023-01-25 00:00:00</subfield>
    <subfield code="v">212.00</subfield>
    <subfield code="w">2023-01-25</subfield>
    <subfield code="y">BK</subfield>
    <subfield code="z">B06735</subfield>
  </datafield>
  <datafield tag="952" ind1=" " ind2=" ">
    <subfield code="0">0</subfield>
    <subfield code="1">0</subfield>
    <subfield code="4">0</subfield>
    <subfield code="7">0</subfield>
    <subfield code="a">HIMR</subfield>
    <subfield code="b">HIMR</subfield>
    <subfield code="d">2008-09-10</subfield>
    <subfield code="e">Satya Gilani</subfield>
    <subfield code="g">265.00</subfield>
    <subfield code="l">0</subfield>
    <subfield code="o">658.001 KOO B06729</subfield>
    <subfield code="p">HIMR-BK-6729</subfield>
    <subfield code="r">2023-01-25 00:00:00</subfield>
    <subfield code="v">212.00</subfield>
    <subfield code="w">2023-01-25</subfield>
    <subfield code="y">BK</subfield>
    <subfield code="z">B06729</subfield>
  </datafield>
  <datafield tag="952" ind1=" " ind2=" ">
    <subfield code="0">2</subfield>
    <subfield code="1">0</subfield>
    <subfield code="4">0</subfield>
    <subfield code="7">0</subfield>
    <subfield code="a">HIMR</subfield>
    <subfield code="b">HIMR</subfield>
    <subfield code="d">2008-09-10</subfield>
    <subfield code="e">Satya Gilani</subfield>
    <subfield code="g">265.00</subfield>
    <subfield code="o">658.001 KOO B06730</subfield>
    <subfield code="p">HIMR-BK-6730</subfield>
    <subfield code="r">2023-01-25 00:00:00</subfield>
    <subfield code="v">212.00</subfield>
    <subfield code="w">2023-01-25</subfield>
    <subfield code="y">BK</subfield>
    <subfield code="z">B06730</subfield>
  </datafield>
  <datafield tag="952" ind1=" " ind2=" ">
    <subfield code="0">2</subfield>
    <subfield code="1">0</subfield>
    <subfield code="4">0</subfield>
    <subfield code="7">0</subfield>
    <subfield code="a">HIMR</subfield>
    <subfield code="b">HIMR</subfield>
    <subfield code="d">2008-09-10</subfield>
    <subfield code="e">Satya Gilani</subfield>
    <subfield code="g">265.00</subfield>
    <subfield code="o">658.001 KOO B06731</subfield>
    <subfield code="p">HIMR-BK-6731</subfield>
    <subfield code="r">2023-01-25 00:00:00</subfield>
    <subfield code="v">212.00</subfield>
    <subfield code="w">2023-01-25</subfield>
    <subfield code="y">BK</subfield>
    <subfield code="z">B06731</subfield>
  </datafield>
  <datafield tag="952" ind1=" " ind2=" ">
    <subfield code="0">2</subfield>
    <subfield code="1">0</subfield>
    <subfield code="4">0</subfield>
    <subfield code="7">0</subfield>
    <subfield code="a">HIMR</subfield>
    <subfield code="b">HIMR</subfield>
    <subfield code="d">2008-09-10</subfield>
    <subfield code="e">Satya Gilani</subfield>
    <subfield code="g">265.00</subfield>
    <subfield code="o">658.001 KOO B06732</subfield>
    <subfield code="p">HIMR-BK-6732</subfield>
    <subfield code="r">2023-01-25 00:00:00</subfield>
    <subfield code="v">212.00</subfield>
    <subfield code="w">2023-01-25</subfield>
    <subfield code="y">BK</subfield>
    <subfield code="z">B06732</subfield>
  </datafield>
  <datafield tag="952" ind1=" " ind2=" ">
    <subfield code="0">2</subfield>
    <subfield code="1">0</subfield>
    <subfield code="4">0</subfield>
    <subfield code="7">0</subfield>
    <subfield code="a">HIMR</subfield>
    <subfield code="b">HIMR</subfield>
    <subfield code="d">2008-09-10</subfield>
    <subfield code="e">Satya Gilani</subfield>
    <subfield code="g">265.00</subfield>
    <subfield code="o">658.001 KOO B06733</subfield>
    <subfield code="p">HIMR-BK-6733</subfield>
    <subfield code="r">2023-01-25 00:00:00</subfield>
    <subfield code="v">212.00</subfield>
    <subfield code="w">2023-01-25</subfield>
    <subfield code="y">BK</subfield>
    <subfield code="z">B06733</subfield>
  </datafield>
  <datafield tag="952" ind1=" " ind2=" ">
    <subfield code="0">2</subfield>
    <subfield code="1">0</subfield>
    <subfield code="4">0</subfield>
    <subfield code="7">0</subfield>
    <subfield code="a">HIMR</subfield>
    <subfield code="b">HIMR</subfield>
    <subfield code="d">2008-09-10</subfield>
    <subfield code="e">Satya Gilani</subfield>
    <subfield code="g">265.00</subfield>
    <subfield code="o">658.001 KOO B06734</subfield>
    <subfield code="p">HIMR-BK-6734</subfield>
    <subfield code="r">2023-01-25 00:00:00</subfield>
    <subfield code="v">212.00</subfield>
    <subfield code="w">2023-01-25</subfield>
    <subfield code="y">BK</subfield>
    <subfield code="z">B06734</subfield>
  </datafield>
  <datafield tag="952" ind1=" " ind2=" ">
    <subfield code="0">2</subfield>
    <subfield code="1">0</subfield>
    <subfield code="4">0</subfield>
    <subfield code="7">0</subfield>
    <subfield code="a">HIMR</subfield>
    <subfield code="b">HIMR</subfield>
    <subfield code="d">2008-09-10</subfield>
    <subfield code="e">Satya Gilani</subfield>
    <subfield code="g">265.00</subfield>
    <subfield code="o">658.001 KOO B06737</subfield>
    <subfield code="p">HIMR-BK-6737</subfield>
    <subfield code="r">2023-01-25 00:00:00</subfield>
    <subfield code="v">212.00</subfield>
    <subfield code="w">2023-01-25</subfield>
    <subfield code="y">BK</subfield>
    <subfield code="z">B06737</subfield>
  </datafield>
  <datafield tag="952" ind1=" " ind2=" ">
    <subfield code="0">2</subfield>
    <subfield code="1">0</subfield>
    <subfield code="4">0</subfield>
    <subfield code="7">0</subfield>
    <subfield code="a">HIMR</subfield>
    <subfield code="b">HIMR</subfield>
    <subfield code="d">2008-09-10</subfield>
    <subfield code="e">Satya Gilani</subfield>
    <subfield code="g">265.00</subfield>
    <subfield code="o">658.001 KOO B06736</subfield>
    <subfield code="p">HIMR-BK-6736</subfield>
    <subfield code="r">2023-01-25 00:00:00</subfield>
    <subfield code="v">212.00</subfield>
    <subfield code="w">2023-01-25</subfield>
    <subfield code="y">BK</subfield>
    <subfield code="z">B06736</subfield>
  </datafield>
  <datafield tag="952" ind1=" " ind2=" ">
    <subfield code="0">2</subfield>
    <subfield code="1">0</subfield>
    <subfield code="4">0</subfield>
    <subfield code="7">0</subfield>
    <subfield code="a">HIMR</subfield>
    <subfield code="b">HIMR</subfield>
    <subfield code="d">2008-09-10</subfield>
    <subfield code="e">Satya Gilani</subfield>
    <subfield code="g">265.00</subfield>
    <subfield code="o">658.001 KOO B06738</subfield>
    <subfield code="p">HIMR-BK-6738</subfield>
    <subfield code="r">2023-01-25 00:00:00</subfield>
    <subfield code="v">212.00</subfield>
    <subfield code="w">2023-01-25</subfield>
    <subfield code="y">BK</subfield>
    <subfield code="z">B06738</subfield>
  </datafield>
</record>
